Oceanian Geography By Letter K - Picture Quiz - Statistics

General Stats
  • This quiz has been taken 283 times
  • The average score is 4 of 9
Answer Stats
Picture Hint Answer % Correct
(country) Kiribati
97%
(animal) Kangaroo
96%
(animal) Koala
96%
(animal) Kiwi
90%
(mountain) Kosciuszko
15%
(currency) Kina
13%
(region) Kimberley
7%
(archipelago) {Kermadec} Islands
6%
(state) Kosrae
3%
No matching quizzes found
Score Distribution
Percent of People with Each Score
Percentile by Number Answered
Your Score History
You have not taken this quiz